FRIENDS Quotes: S01E03 - The Thumb (Clickable) Quiz Stats

 Plays Quiz not verified by Sporcle

Challenge
Share
Tweet
Embed
Score 0/14 Timer 06:00
0 Plays Today
% Correct
Let's see, today's Monday... Never.
73.2%
That's funny, that, no, because, uh, our parents actually did, uh, send our dog off to live on a farm.
70.8%
Yeah, but if you spent it, it would be like shopping!
70.3%
I personally could have a gallon of Alan.
70%
Joey ate my last stick of gum, so I killed him. Do you think that was wrong?
69.9%
The bottom line is, smoking is cool, and you know it.
65.1%
Oh my God, Chi Chi!
63.4%
% Correct
Well, maybe it's a contest, y'know? Like, collect all five?
59.9%
And this- is my reward!
59.3%
What bank is this?
57.7%
And on my way over here, I stepped in gum. ...What is up with the universe?!
53.8%
'I just wanna go back to my cell. 'Cause in my cell, I can smoke.'
49.1%
Waitwait.. we talking about the coyotes here? All right, a cow got through!
48.8%
Oh, Satan's minions at work again...
46.2%

You're not logged in!

Compare scores with friends on all Sporcle quizzes.
Join for Free
OR
Log In

You Might Also Like...

Show Comments

Extras

Top Quizzes Today


Score Distribution

Your Account Isn't Verified!

In order to create a playlist on Sporcle, you need to verify the email address you used during registration. Go to your Sporcle Settings to finish the process.

Report this User

Report this user for behavior that violates our Community Guidelines.

Details: